Practical guide to computers in education (Record no. 76985)

MARC details
000 -LEADER
fixed length control field 01279nam a2200241 a 4500
008 - FIXED-LENGTH DATA ELEMENTS--GENERAL INFORMATION
fixed length control field 120416s1982 ||||||||||||||||| || u
020 ## - INTERNATIONAL STANDARD BOOK NUMBER
International Standard Book Number 0201105632
050 ## - LIBRARY OF CONGRESS CALL NUMBER
Classification number LB 1028.43 Pra
100 ## - MAIN ENTRY--PERSONAL NAME
Personal name Coburn, Peter
245 10 - TITLE STATEMENT
Title Practical guide to computers in education
260 ## - PUBLICATION, DISTRIBUTION, ETC.
Place of publication, distribution, etc. Reading, Mass:
Name of publisher, distributor, etc. Addison-Wesley
Date of publication, distribution, etc. 1982
300 ## - PHYSICAL DESCRIPTION
Extent xi, 266 p.: ill.
350 ## -
-- 0.00
490 ## -
-- Addison-Wesley series on computers in education
500 ## - GENERAL NOTE
General note Includes index. -Bibliography: p. 206-211.
650 #0 - SUBJECT ADDED ENTRY--TOPICAL TERM
Topical term or geographic name entry element COMPUTER-ASSISTED INSTRUCTION
650 ## - SUBJECT ADDED ENTRY--TOPICAL TERM
Topical term or geographic name entry element COMPUTER MANAGED INSTRUCTION
650 ## - SUBJECT ADDED ENTRY--TOPICAL TERM
Topical term or geographic name entry element EDUCATION--DATA PROCESSING
995 ## -
-- ANNEX COLLECTION (Main Library)
-- 0.00
-- 713841
-- CBU-MAIN LIBRARY (Kitwe)
-- 3
-- 10.95
-- LB 1028.43 Pra
-- 3
-- AVAILABLE
-- 009644
-- Annex Low-Usage Collection
995 ## -
-- ANNEX COLLECTION (Main Library)
-- 0.00
-- 713840
-- CBU-MAIN LIBRARY (Kitwe)
-- 1
-- 10.95
-- LB 1028.43 Pra
-- 1
-- AVAILABLE
-- 009642
-- Annex Low-Usage Collection
995 ## -
-- ANNEX COLLECTION (Main Library)
-- 0.00
-- 708830
-- CBU-MAIN LIBRARY (Kitwe)
-- 2
-- 10.95
-- LB 1028.43 Pra
-- 2
-- AVAILABLE
-- 009643
-- Annex Low-Usage Collection
995 ## -
-- ANNEX COLLECTION (Main Library)
-- 0.00
-- 713839
-- CBU-MAIN LIBRARY (Kitwe)
-- 4
-- 10.95
-- LB 1028.43 Pra
-- 4
-- AVAILABLE
-- 009645
-- Annex Low-Usage Collection
999 ## -
-- 76985
-- 76985
Holdings
Withdrawn status Lost status Source of classification or shelving scheme Damaged status Not for loan Permanent Location Current Location Date acquired Full call number Barcode Date last seen Copy number Price effective from Koha item type Shelving location Total Checkouts
Withdrawn         CBU-MAIN LIBRARY, KITWE. CBU-MAIN LIBRARY, KITWE. 04/25/2023 LB 1028.43 Pra 009644 04/25/2023 1 04/25/2023 MONOGRAPH    
          CBU-MAIN LIBRARY, KITWE. CBU-MAIN LIBRARY, KITWE. 04/25/2023 LB 1028.43 Pra 009642 04/25/2023 2 04/25/2023 MONOGRAPH    
          CBU-MAIN LIBRARY, KITWE. CBU-MAIN LIBRARY, KITWE. 04/25/2023 LB 1028.43 Pra 009643 04/25/2023 3 04/25/2023 MONOGRAPH    
Withdrawn         CBU-MAIN LIBRARY, KITWE. CBU-MAIN LIBRARY, KITWE. 04/25/2023 LB 1028.43 Pra 009645 04/25/2023 4 04/25/2023 MONOGRAPH